Neoliberalismo, crisis y resistencias sociales en América Latina: las configuraciones de la protesta /

Guardado en:
Bibliografiske detaljer
Hovedforfatter: Seoane, José A.
Andre forfattere: Taddei, Emilio, Algranati, Clara
Format: Texto
Tags: Tilføj Tag
Ingen Tags, Vær først til at tagge denne postø!

MARC

LEADER 00000 a a2200000 04500
001 10984
003
040
100 |a Seoane, José A.  
245 |a Neoliberalismo, crisis y resistencias sociales en América Latina:   |b las configuraciones de la protesta /  |c José A. Seoane 
700 |a Taddei, Emilio  
700 |a Algranati, Clara  
773 |g volumen 2, número 5; páginas 45-52  
999 |c 23317  |d 23317